Defense against the dark arts teachers - Harry Potter - Statistics

General Stats
  • This quiz has been taken 1,319 times
  • The average score is 5 of 7
Answer Stats
Hint Answer % Correct
1st year quirrel
92%
2nd year lockhart
87%
3rd year lupin
86%
4th year moody
74%
5th year umbridge
67%
6th year snape
66%
7th year carrow
42%
No matching quizzes found
Score Distribution
Percent of People with Each Score
Percentile by Number Answered
Your Score History
You have not taken this quiz